| 000 | 01273nam0a22003131 4500 | ||
|---|---|---|---|
| 001 | rc\2991723 | ||
| 005 | 20250806211754.0 | ||
| 035 | _a(NLR Aleph) 007135772 | ||
| 090 |
_a63605 _c63605 |
||
| 100 | _a20110915d1941 u y0rusy50 ca | ||
| 101 | 0 | _arus | |
| 102 | _aRU | ||
| 105 | _aa z ||||| | ||
| 200 | 1 |
_aДима и Вова _eКомедия в 3-х актах _e[Для сред. и ст. возраста] _fАгния Барто и Рина Зеленая _gРис. Н. Радлова |
|
| 210 |
_aМосква _aЛенинград _cДетиздат _d1941 _eМосква |
||
| 215 |
_a56 с. _cил. _d20 см |
||
| 225 | 1 | _aНаш театр | |
| 300 | _aВ книге также: Серг. Розанов. "Советы исполнителям" | ||
| 700 | 1 |
_aБарто _bА.Л. _f1906-1981 _gАгния Львовна _3RU\NLR\auth\771526 _4070 |
|
| 701 | 1 |
_aЗеленая _bР. _gРина |
|
| 702 | 1 |
_aРадлов _bН.Э. _cхудожник _f1889-1942 _gНиколай Эрнестович _3RU\NLR\AUTH\77100934 _4440 |
|
| 801 | 0 |
_aRU _bNLR _gpsbo |
|
| 801 | 1 |
_aRU _bELAR _2rusmarc |
|
| 852 |
_aNLR _jДл02 Г-3/87 |
||
| 942 | _cBOOK | ||
| 945 | _aРоссийская национальная библиотека | ||
| 980 | _aNB | ||
| 980 | _aBV | ||